[Event "Pernambuco-ch 2020"]
[Site "Recife"]
[Date "2021.08.22"]
[Round "6.5"]
[White "Guerra, Thiago Ribeiro"]
[Black "Hiramine, Ricardo Hiroshi Fer"]
[Result "0-1"]
[WhiteElo "1882"]
[BlackElo "1969"]
[PlyCount "71"]
[EventDate "2021.08.20"]
[EventType "swiss"]
[EventRounds "6"]
[EventCountry "BRA"]
[SourceTitle "EXT 2023"]
[Source "ChessBase"]
[SourceDate "2022.10.05"]
[SourceVersion "1"]
[SourceVersionDate "2022.10.05"]
[SourceQuality "1"]

1. Nf3 Nf6 2. c4 c5 3. Nc3 Nc6 4. e3 d5 5. cxd5 Nxd5 6. e4 Nc7 7. Bc4 e5 8. d3 Be7 9. Nd5 0-0 10. h3 Kh8 11. 0-0 f6 12. a3 Bd6 13. Be3 Nxd5 14. Bxd5 Ne7 15. Ba2 b6 16. Qe2 Bb7 17. Rad1 Qe8 18. g4 Rd8 19. Nh4 g5 20. Ng2 Ng6 21. f3 h5 22. gxh5 Nf4 23. Bxf4 exf4 24. h4 Qxh5 25. hxg5 Qxg5 26. Qe1 Be5 27. Qh4+ Kg7 28. Qxg5+ fxg5 29. Ne1 Rh8 30. Kg2 Bc8 31. Rh1 Rxh1 32. Kxh1 Rh8+ 33. Kg1 Bd4+ 34. Kf1 Rh2 35. Ng2 Bh3 36. Rd2 0-1

[Event "Recife Arraes Memorial 12th"]
[Site "Recife"]
[Date "2019.08.30"]
[Round "2"]
[White "De Magalhaes, Jonathas Jose"]
[Black "Guerra, Thiago Ribeiro"]
[Result "1/2-1/2"]
[WhiteElo "2097"]
[BlackElo "1859"]
[PlyCount "43"]
[EventDate "2019.08.30"]
[EventType "swiss"]
[EventRounds "6"]
[EventCountry "BRA"]
[SourceTitle "EXT 2020"]
[Source "ChessBase"]
[SourceDate "2019.10.17"]
[SourceVersion "1"]
[SourceVersionDate "2019.10.17"]
[SourceQuality "1"]

1. e4 e5 2. Nf3 Nc6 3. Bb5 a6 4. Ba4 Nf6 5. d3 Bc5 6. c3 b5 7. Bb3 0-0 8. Bg5 h6 9. Bh4 Be7 10. Nbd2 d6 11. 0-0 Na5 12. Bc2 c5 13. h3 Qc7 14. d4 Nc6 15. d5 Na5 16. a4 c4 17. axb5 axb5 18. b4 cxb3 19. Nxb3 Bd7 20. Bxf6 Bxf6 21. Nxa5 Rxa5 22. Rb1 1/2-1/2

[Event "Recife Tavares Memorial 2nd"]
[Site "Recife"]
[Date "2019.05.10"]
[Round "1"]
[White "Guerra, Thiago Ribeiro"]
[Black "Brito, Luismar"]
[Result "0-1"]
[WhiteElo "1833"]
[BlackElo "2282"]
[PlyCount "55"]
[EventDate "2019.05.10"]
[EventType "swiss"]
[EventRounds "6"]
[EventCountry "BRA"]
[SourceTitle "CBM 190 Extra"]
[Source "ChessBase"]
[SourceDate "2019.07.15"]
[SourceVersion "1"]
[SourceVersionDate "2019.07.15"]
[SourceQuality "1"]

1. e4 c5 2. Nf3 d6 3. d4 cxd4 4. Nxd4 Nf6 5. Nc3 a6 6. g3 e5 7. Nde2 b5 8. Bg2 Bb7 9. 0-0 Nbd7 10. a4 Bc6 11. axb5 axb5 12. Rxa8 Qxa8 13. f3 b4 14. Nb1 d5 15. exd5 Bc5+ 16. Kh1 Nxd5 17. c4 N5f6 18. h3 h5 19. Nd2 Ng4 20. Ne4 Bxe4 21. fxe4 Nf2+ 22. Rxf2 Bxf2 23. Qf1 Qa7 24. Bd2 Qb6 25. b3 Be3 26. Qe1 0-0 27. Nc1 Bxd2 28. Qxd2 0-1

[Event "Recife Rafael Cabral Cup 6th"]
[Site "Recife"]
[Date "2018.09.30"]
[Round "5"]
[White "Guerra, Thiago Ribeiro"]
[Black "Barioni, Daniel Rossiter"]
[Result "0-1"]
[WhiteElo "1830"]
[BlackElo "1793"]
[PlyCount "64"]
[EventDate "2018.09.28"]
[EventType "swiss"]
[EventRounds "6"]
[EventCountry "BRA"]
[SourceTitle "EXT 2020"]
[Source "ChessBase"]
[SourceDate "2019.10.17"]
[SourceVersion "1"]
[SourceVersionDate "2019.10.17"]
[SourceQuality "1"]

1. e4 e6 2. d4 d5 3. Nd2 c5 4. Ngf3 Nc6 5. c3 Nf6 6. e5 Nd7 7. Bd3 f6 8. exf6 Qxf6 9. Qe2 Bd6 10. 0-0 0-0 11. Bc2 e5 12. dxc5 Nxc5 13. Nb3 e4 14. Nfd4 Qh4 15. g3 Qh3 16. Re1 Bg4 17. Qf1 Qh5 18. Be3 Ne5 19. Bd1 Ncd3 20. Re2 Bxe2 21. Bxe2 Ng4 22. Qg2 Nxe3 23. fxe3 Qg5 24. Bxd3 Qxe3+ 25. Kh1 Qxd3 26. Ne6 Rf6 27. Nbd4 Be5 28. Re1 b6 29. Qh3 Bxd4 30. Nxd4 Raf8 31. Kg1 Qd2 32. Re2 Qd1+ 0-1

[Event "Recife Rafael Cabral Cup 6th"]
[Site "Recife"]
[Date "2018.09.28"]
[Round "2"]
[White "Nunes, Marcelo Basilio"]
[Black "Guerra, Thiago Ribeiro"]
[Result "1-0"]
[WhiteElo "1931"]
[BlackElo "1830"]
[PlyCount "63"]
[EventDate "2018.09.28"]
[EventType "swiss"]
[EventRounds "6"]
[EventCountry "BRA"]
[SourceTitle "EXT 2020"]
[Source "ChessBase"]
[SourceDate "2019.10.17"]
[SourceVersion "1"]
[SourceVersionDate "2019.10.17"]
[SourceQuality "1"]

1. d4 Nf6 2. Nf3 g6 3. g3 Bg7 4. Bg2 0-0 5. 0-0 d5 6. Nbd2 c5 7. dxc5 Nbd7 8. Nb3 Qc7 9. c3 Re8 10. Qd4 e5 11. Qh4 Ne4 12. Ng5 Nxg5 13. Bxg5 e4 14. Be7 Ne5 15. Bd6 Qc6 16. Qf4 Nc4 17. Rab1 Be6 18. Rfd1 Rad8 19. Nd4 Qd7 20. Nxe6 fxe6 21. a3 b6 22. Bh3 Qc6 23. Qc1 bxc5 24. Bf4 e5 25. Bg5 Bf6 26. b3 Bxg5 27. Qxg5 Nxa3 28. Ra1 Nb5 29. c4 Nd4 30. Rxa7 Qb6 31. Rda1 Nc6 32. Qf6 1-0